Les 50 verbes réguliers les plus utilisés en Anglais !! - Statistiques

Statistiques générales
  • Ce quiz a été pris 662 fois
  • Le résultat moyen est 20 sur 30
Statistiques - réponses
French Anglais % Correct
Jouer Play
97%
Aimer Love
95%
Ouvrir Open
94%
Travailler Work
94%
Pleurer Cry
93%
Appeler Call
91%
Marcher Walk
90%
Suivre Follow
89%
Vivre Live
89%
Regarder Look / Watch
89%
Avoir besoin de... Need
89%
Utiliser Use
89%
Vouloir Want
89%
Finir Finish
88%
Sauter Jump
88%
Rester Stay / Remain
85%
Demander Ask / Request
83%
Accepter Accept
82%
Voyager Travel
82%
Detester Hate
81%
Croire Believe
79%
Decider Decide
79%
Sauver Save
79%
Laver Wash
77%
Manquer Miss
76%
Ajouter Add
75%
Annuler Cancel
75%
Espérer Hope
74%
Se souvenir Remember
74%
Etre d'accord Agree
72%
Débuter Start
68%
Ignorer Ignore
64%
Autoriser / Permettre Allow
57%
Verifier Check
57%
Déplacer / Déménager Move
57%
Impressioner Impress
54%
Gagner (de l'argent) Earn
51%
Livrer Deliver
46%
Crier Scream
45%
Emprunter Borrow
44%
Réserver Book
41%
Réussir Succeed
28%
Soumettre Submit
27%
Impliquer Involve
15%
Fournir Provide
15%
Rejoindre Reach
1%
Inspecter Survey
1%
Aucun quiz correspondant
Distribution des résultats
% des personnes avec chaque résultat
Percentile par nombre de réponses
Votre historique - résultats
Vous n’avez pas pris ce quiz